| 000 | 00353nam a22001457a 4500 | ||
|---|---|---|---|
| 003 | MACL | ||
| 005 | 20191010155957.0 | ||
| 008 | 191010b xxu||||| |||| 00| 0 eng d | ||
| 040 | _cMACL | ||
| 100 |
_aRai , Neelabh _976911 |
||
| 245 | _aTeacher Education | ||
| 260 |
_aAllahabad _bMeenakshi Pra _c2018 |
||
| 650 |
_aEducation _976912 |
||
| 942 |
_2ddc _cBK |
||
| 999 |
_c61174 _d61174 |
||